| 000 | 01813cam a22004694i 4500 | ||
|---|---|---|---|
| 003 | PE-LiUPU | ||
| 005 | 20250731172938.0 | ||
| 008 | 150623s1993 xxu rb 000 0 eng d | ||
| 020 | _a0932506976 | ||
| 035 | _a(Sirsi) i9780932506979 | ||
| 040 |
_aPE-LiUPU _bspa _cPE-LiUPU _erda |
||
| 049 | _aPRUA | ||
| 082 | 0 | 4 |
_a220.609 _bM26 _221 |
| 100 | 1 |
_aMargeríe, Bertrand de, _eautor. |
|
| 245 | 1 | 3 |
_aAn introduction to the history of exegesis : _bSaint Augustine / _cBertrand de Margerie. |
| 264 | 1 |
_aMassachusetts : _bSaint Bede's Publications, _c1993. |
|
| 300 |
_a169 páginas ; _c23 centímetros |
||
| 336 |
_atext _2rdacontent |
||
| 337 |
_aunmediated _2rdamedia |
||
| 338 |
_avolume _2rdacarrier |
||
| 504 | _aBibliografía al final de cada capítulo. | ||
| 505 | 0 | _aThe infallible scriptures of the one and only word: from the letter that kills to the life-Giving Spirit -- Does Augustine's Moses stand for multiplicity in unity? -- The Richness of doctrinal exegesis developed by Augustine as a Writer and preacher -- Conclusion. | |
| 526 | _aSEG42 | ||
| 526 | _aSEG41 | ||
| 526 | _aSEG40 | ||
| 526 | _aSEG39 | ||
| 526 | _aP94 | ||
| 526 | _aP87 | ||
| 526 | _aP86 | ||
| 526 | _aP85 | ||
| 526 | _aP77 | ||
| 526 | _aP76 | ||
| 526 | _aP35 | ||
| 600 | 1 | _aAgustín, Santo. | |
| 630 | 0 | 4 |
_aBiblia _xCrítica, interpretación, etc. _xHistoria. |
| 942 |
_2ddc _cBOOK |
||
| 949 |
_a220.609 M26 3 _wDEWEY _c1 _i44480 _lCCODEBUL1 _mBUL _r0 _sY _tBOOK _u2015-6-24 _xTEOLOGIA _PP35 _0COMPRA _o.STAFF. Colección Teología |
||
| 994 |
_aC0 _bPEPRU |
||
| 596 | _a1 | ||
| 999 |
_a220.609 M26 3 _wDEWEY _c21359 _i44480 _f2021-11-9 _g5 _lCCODEBUL1 _mBUL _p26.00 _r0 _sY _tBOOK _u2015-6-24 _xTEOLOGIA _PP35 _0COMPRA _o.STAFF. Colección Teología _d21359 |
||
| 980 |
_81 _gALBERTO SANCHEZ Responsable de Automatización |
||